| 000 | 00669nam a2200277Ia 4500 | ||
|---|---|---|---|
| 005 | 20260330160708.0 | ||
| 008 | 008 300114s9999 xx 000 0 eng d | ||
| 020 | _a9789366609171 | ||
| 037 | _aEBOOK | ||
| 040 | _aCRL | ||
| 040 | _beng | ||
| 040 | _cCRL | ||
| 041 | _2eng | ||
| 041 | _aeng | ||
| 084 | _qCRL | ||
| 100 |
_aPARRITZ/TROY _91232152 |
||
| 245 | 0 | _aDISORDERS CHILDHOOD DEVELOPMENT/PSYCHOPATHOLOGY | |
| 250 | _a3 | ||
| 260 | _bcengage | ||
| 260 | _c2018 | ||
| 650 | _aPSYCHOLOGY | ||
| 856 | _uhttps://cengageindiaelibrary.ipublishcentral.net/product-details/683796 | ||
| 942 | _cEBOOK | ||
| 999 |
_c1843990 _d1843990 |
||